[Event "M.Chigorin Memorial A"]
[Site "St. Petersburg RUS"]
[Date "2007.12.02"]
[Round "2.6"]
[White "Gasanov, Eldar"]
[Black "Kashlinskaya, Alina"]
[Result "1-0"]
[WhiteElo "2504"]
[BlackElo "2263"]
[PlyCount "60"]
[EventDate "2007.??.??"]

1. c4 g6 2. g3 Bg7 3. Bg2 c5 4. Nc3 Nc6 5. a3 a5 6. Nf3 e5 7. d3 Nge7 8. Nd2 d6
9. Nf1 O-O 10. Ne3 Be6 11. O-O Rb8 12. Ned5 Qd7 13. Bg5 f6 14. Bd2 Bf7 15. Qa4
Qd8 16. Rfb1 Nxd5 17. Nxd5 f5 18. Bc3 Be8 19. Qd1 Bd7 20. b4 axb4 21. axb4 cxb4
22. Nxb4 Nxb4 23. Rxb4 Bc6 24. Qb3 Bxg2 25. Kxg2 Rf7 26. Rb6 Kh8 27. Rb1 Rd7
28. Qb5 d5 29. c5 d4 30. Ba5 Qg8 1-0

[Event "M.Chigorin Memorial A"]
[Site "St. Petersburg RUS"]
[Date "2007.12.02"]
[Round "2.7"]
[White "Gorovykh, Eduard"]
[Black "Yevseev, Denis"]
[Result "1/2-1/2"]
[WhiteElo "2402"]
[BlackElo "2499"]
[PlyCount "29"]
[EventDate "2007.??.??"]

1. e4 c6 2. d4 d5 3. exd5 cxd5 4. c4 Nf6 5. Nc3 g6 6. Qb3 Bg7 7. cxd5 O-O 8.
Be2 Na6 9. Bf3 Qb6 10. Qxb6 axb6 11. Nge2 Nb4 12. O-O Rd8 13. d6 Rxd6 14. Bf4
Rd7 15. Be5 1/2-1/2

[Event "M.Chigorin Memorial A"]
[Site "St. Petersburg RUS"]
[Date "2007.12.02"]
[Round "2.8"]
[White "Safarli, Eltaj"]
[Black "Utegaliyev, Azamat"]
[Result "1/2-1/2"]
[WhiteElo "2487"]
[BlackElo "2200"]
[PlyCount "92"]
[EventDate "2007.??.??"]

1. e4 c5 2. Nf3 d6 3. d4 cxd4 4. Nxd4 Nf6 5. Nc3 a6 6. Bg5 e6 7. f4 Be7 8. Qf3
Qc7 9. O-O-O Nbd7 10. g4 b5 11. Bxf6 Nxf6 12. g5 Nd7 13. f5 Bxg5+ 14. Kb1 O-O
15. fxe6 Nb6 16. Nd5 Nxd5 17. exd5 fxe6 18. Qg4 e5 19. Qxg5 exd4 20. Bd3 g6 21.
h4 Bf5 22. h5 Bxd3 23. cxd3 Rf2 24. Rc1 Qf7 25. Rhg1 Qf5 26. hxg6 Qxg5 27.
gxh7+ Kxh7 28. Rxg5 Rh2 29. Rgg1 Re8 30. Rh1 Rxh1 31. Rxh1+ Kg6 32. Rc1 Kf5 33.
Rc6 Ke5 34. Rxa6 Kxd5 35. Ra5 Kc5 36. a4 Kb4 37. Rxb5+ Kxa4 38. Rd5 Kb3 39.
Rb5+ Ka4 40. Rb6 d5 41. Ra6+ Kb3 42. Ra3+ Kb4 43. Ka2 Re3 44. Rb3+ Ka5 45. Ra3+
Kb4 46. Rb3+ Ka4 1/2-1/2

[Event "M.Chigorin Memorial A"]
[Site "St. Petersburg RUS"]
[Date "2007.12.02"]
[Round "2.9"]
[White "Yemelin, Vasily"]
[Black "Maslak, Konstantin"]
[Result "1/2-1/2"]
[WhiteElo "2564"]
[BlackElo "2510"]
[PlyCount "123"]
[EventDate "2007.??.??"]

1. e4 e6 2. d4 d5 3. e5 c5 4. c3 Qb6 5. Nf3 Bd7 6. Be2 Bb5 7. dxc5 Bxc5 8. b4
Bxe2 9. Qxe2 Be7 10. O-O Nd7 11. Na3 Qc7 12. c4 dxc4 13. Nxc4 b5 14. Nb2 Qb7
15. Nd3 Bd8 16. Be3 Ne7 17. Nc5 Nxc5 18. Bxc5 O-O 19. Ng5 a6 20. Rad1 Bb6 21.
Qd3 g6 22. Qh3 h5 23. Nxe6 Rfe8 24. Bxb6 Qxb6 25. Rd6 Nc6 26. Nd4 Qxd4 27. Rxd4
Nxd4 28. Qe3 Nf5 29. Qe2 Rad8 30. Rd1 Rxd1+ 31. Qxd1 Rxe5 32. g3 Re6 33. Kg2
Nd6 34. Qd4 Nf5 35. Qd8+ Kg7 36. Qd3 Kg8 37. Kf3 Rd6 38. Qc3 Re6 39. Kg2 Ne7
40. h3 Rc6 41. Qd2 Re6 42. Qd8+ Kg7 43. Qd4+ Kg8 44. Qc5 Kg7 45. f3 Re2+ 46.
Kf1 Re6 47. Kf2 Kg8 48. g4 hxg4 49. hxg4 Kg7 50. Kg3 Kg8 51. Kh4 Kg7 52. Qd4+
f6 53. f4 Kf7 54. Kg3 f5 55. Qa7 fxg4 56. Kxg4 Rf6 57. Qa8 Rc6 58. Kg5 Re6 59.
Qh1 Rc6 60. Qh7+ Kf8 61. Qh8+ Kf7 62. Qh7+ 1/2-1/2

[Event "M.Chigorin Memorial A"]
[Site "St. Petersburg RUS"]
[Date "2007.12.02"]
[Round "2.11"]
[White "Kokarev, Dmitry"]
[Black "Ponfilenok, Vladimir"]
[Result "1-0"]
[WhiteElo "2550"]
[BlackElo "2412"]
[PlyCount "103"]
[EventDate "2007.??.??"]

1. e4 e6 2. d4 d5 3. Nc3 Bb4 4. e5 c5 5. a3 Bxc3+ 6. bxc3 Ne7 7. Qg4 O-O 8. Bd3
f5 9. exf6 Rxf6 10. Bg5 Rf7 11. Qh5 g6 12. Qd1 Nbc6 13. Nf3 Bd7 14. O-O c4 15.
Be2 Qf8 16. a4 h6 17. Bc1 Qg7 18. Ba3 g5 19. h3 Ng6 20. Nh2 Nf4 21. Bf3 Rd8 22.
Re1 Bc8 23. Re3 b6 24. Ng4 Ng6 25. Qe1 Nh4 26. Bd1 Ng6 27. Rxe6 Bxe6 28. Qxe6
h5 29. Qxc6 hxg4 30. Bxg4 Rf6 31. Qb5 Qf7 32. Re1 Kg7 33. Re2 Kh6 34. Bc1 Rf8
35. Be3 Nf4 36. Rd2 Re8 37. Qb1 Kg6 38. Qd1 Rh8 39. Qf1 Qe7 40. Qa1 Qe4 41.
Bxf4 Qxf4 42. Re2 Rhf8 43. Qe1 a6 44. f3 Rd6 45. Re5 b5 46. axb5 axb5 47. g3
Qf6 48. Qe3 Qd8 49. h4 gxh4 50. Bh5+ Kg7 51. Re7+ Kh8 52. Qg5 1-0

[Event "M.Chigorin Memorial A"]
[Site "St. Petersburg RUS"]
[Date "2007.12.02"]
[Round "2.12"]
[White "Kharlov, Andrei"]
[Black "Utkin, Aleksey"]
[Result "1/2-1/2"]
[WhiteElo "2549"]
[BlackElo "2389"]
[PlyCount "76"]
[EventDate "2007.??.??"]

1. e4 g6 2. d4 Bg7 3. Nf3 d6 4. Nc3 c6 5. a4 Nf6 6. Be2 O-O 7. Bf4 Nbd7 8. O-O
Nh5 9. Be3 e5 10. dxe5 dxe5 11. Nd2 Nf4 12. Nc4 Qg5 13. g3 Nf6 14. Kh1 Bh3 15.
Rg1 Rad8 16. Qe1 Ng4 17. gxf4 exf4 18. f3 fxe3 19. fxg4 b5 20. axb5 cxb5 21.
Qg3 bxc4 22. Qxh3 Rd2 23. Qf3 Rxc2 24. Rxa7 Rxb2 25. Nd1 Rc2 26. Rc7 Be5 27.
Rc5 Ra8 28. Rg2 c3 29. Nxe3 Ra1+ 30. Nf1 Qe7 31. Rxe5 Qxe5 32. Bc4 Qc7 33. Rxc2
Qxc4 34. Kg2 Rxf1 35. Qxc3 Qxc3 36. Rxc3 Rf4 37. h3 Rxe4 38. Rc5 Kg7 1/2-1/2

[Event "M.Chigorin Memorial A"]
[Site "St. Petersburg RUS"]
[Date "2007.12.02"]
[Round "2.13"]
[White "Romanov, Evgeny"]
[Black "Slugin, Sergey"]
[Result "1/2-1/2"]
[WhiteElo "2515"]
[BlackElo "2403"]
[PlyCount "93"]
[EventDate "2007.??.??"]

1. d4 d5 2. Nf3 c6 3. c4 Nf6 4. Nc3 a6 5. a4 e6 6. Bg5 a5 7. e3 Na6 8. Bd3 Be7
9. e4 dxe4 10. Bxe4 Nxe4 11. Nxe4 b6 12. O-O O-O 13. Bxe7 Qxe7 14. Re1 Bb7 15.
Qb3 Nb4 16. c5 Ba6 17. Rad1 Rab8 18. Qc3 Nd5 19. Qa3 Nb4 20. Qc3 Nd5 21. Qc1
Nb4 22. Ne5 f6 23. Nc4 Na2 24. Qc2 Nb4 25. Qc3 Nd5 26. Qc1 Bxc4 27. Qxc4 b5 28.
axb5 Rxb5 29. b3 Rfb8 30. Rd3 Rb4 31. Qc2 Qf7 32. Qd1 Nf4 33. Rg3 a4 34. Nd6
Qh5 35. Qd2 Qh6 36. Kh1 Rxb3 37. Rxb3 axb3 38. Nc4 Qg5 39. f3 b2 40. Nxb2 Qxg2+
41. Qxg2 Nxg2 42. Kxg2 Rxb2+ 43. Kg3 Kf7 44. Ra1 f5 45. Ra7+ Kf6 46. h4 Rd2 47.
Rd7 1/2-1/2

[Event "M.Chigorin Memorial A"]
[Site "St. Petersburg RUS"]
[Date "2007.12.02"]
[Round "2.14"]
[White "Ovod, Evgenija"]
[Black "Aleksandrov, Aleksej"]
[Result "1/2-1/2"]
[WhiteElo "2386"]
[BlackElo "2614"]
[PlyCount "77"]
[EventDate "2007.??.??"]

1. d4 d5 2. c4 e6 3. Nc3 Bb4 4. a3 Bxc3+ 5. bxc3 c5 6. cxd5 exd5 7. e3 Ne7 8.
Ne2 Nbc6 9. Ng3 c4 10. e4 Na5 11. e5 Nb3 12. Ra2 h5 13. Be2 Qa5 14. Bd2 g6 15.
Bf3 Be6 16. O-O Nxd2 17. Qxd2 O-O-O 18. h4 Kb8 19. Rb1 Ka8 20. a4 Rd7 21. Ne2
Bf5 22. Rb5 Qd8 23. Qg5 a6 24. Rbb2 Rf8 25. a5 Nc6 26. Qxd8+ Rfxd8 27. Nf4 Na7
28. Bd1 Nb5 29. Ne2 Re7 30. Ba4 Nc7 31. Rb6 Re6 32. Nf4 Rxb6 33. axb6 Ne6 34.
Nxe6 fxe6 35. f3 Kb8 36. Kf2 Kc8 37. Ke3 Rf8 38. g3 Kd8 39. Rg2 1/2-1/2

[Event "M.Chigorin Memorial A"]
[Site "St. Petersburg RUS"]
[Date "2007.12.02"]
[Round "2.15"]
[White "Rozum, Ivan"]
[Black "Evdokimov, Alexander A"]
[Result "0-1"]
[WhiteElo "2411"]
[BlackElo "2562"]
[PlyCount "90"]
[EventDate "2007.??.??"]

1. d4 Nf6 2. c4 g6 3. Nc3 d5 4. Nf3 Bg7 5. Bg5 Ne4 6. cxd5 Nxg5 7. Nxg5 e6 8.
Nf3 exd5 9. e3 O-O 10. Be2 a5 11. O-O c6 12. a3 Qd6 13. Ne1 Bf5 14. Nd3 Nd7 15.
Na4 Ra7 16. Qb3 Re8 17. Rfe1 h5 18. Nac5 Bxd3 19. Nxd3 a4 20. Qc2 Bf8 21. Nb4
Qb8 22. Na2 Bd6 23. h3 Bh2+ 24. Kh1 Bc7 25. Bd3 Ba5 26. Re2 Qd6 27. h4 Nf6 28.
g3 Ne4 29. Qxa4 Nxf2+ 30. Rxf2 Qxg3 31. Qc2 Rxe3 32. Bf1 Qxh4+ 33. Rh2 Qxd4 34.
Rd1 Qg4 35. Be2 Qe6 36. Bf1 Bc7 37. Re2 Rh3+ 38. Bxh3 Qxh3+ 39. Kg1 Bb6+ 40.
Rf2 Ra4 41. Qxa4 Qg3+ 42. Kh1 Bxf2 43. Qa8+ Kg7 44. Qc8 Qf3+ 45. Kh2 Bg3+ 0-1

[Event "M.Chigorin Memorial A"]
[Site "St. Petersburg RUS"]
[Date "2007.12.02"]
[Round "2.16"]
[White "Ivanov, Rostislav"]
[Black "Tihonov, Jurij"]
[Result "0-1"]
[WhiteElo "2355"]
[BlackElo "2522"]
[PlyCount "86"]
[EventDate "2007.??.??"]

1. e4 c5 2. Nf3 d6 3. d4 cxd4 4. Nxd4 Nf6 5. Nc3 a6 6. Be2 e5 7. Nb3 Be7 8. O-O
O-O 9. a4 Be6 10. f4 Qc7 11. f5 Bc4 12. Be3 Nbd7 13. Nd2 Bxe2 14. Qxe2 Qc6 15.
Qf3 b5 16. Rfc1 Qb7 17. b3 Rfc8 18. Bf2 Bd8 19. a5 Be7 20. Nd5 Nxd5 21. exd5
Rab8 22. h4 b4 23. Nc4 Nf6 24. Rd1 Qb5 25. Rd2 h5 26. g3 Rxc4 27. bxc4 Qxc4 28.
Qd3 Qc8 29. Rad1 Rb5 30. Qb3 Qxf5 31. Bb6 Ne4 32. Rg2 Nc3 33. Rdd2 Qe4 34. Rd3
Bf6 35. Rxc3 Qe1+ 36. Kh2 Qxc3 37. Re2 Qxb3 38. cxb3 Rxd5 39. Re4 Rd2+ 40. Kh3
d5 41. Rxb4 Be7 42. Ra4 Rb2 43. b4 Bxb4 0-1

[Event "M.Chigorin Memorial A"]
[Site "St. Petersburg RUS"]
[Date "2007.12.02"]
[Round "2.17"]
[White "Gubajdullin, Alexei"]
[Black "Pankov, German"]
[Result "1-0"]
[WhiteElo "2475"]
[BlackElo "2367"]
[PlyCount "61"]
[EventDate "2007.??.??"]

1. e4 c5 2. Nf3 Nc6 3. d4 cxd4 4. Nxd4 e5 5. Nb5 d6 6. c4 Be7 7. N1c3 a6 8. Na3
Be6 9. Nc2 Bg5 10. Be2 Bxc1 11. Rxc1 Nf6 12. O-O O-O 13. Qd2 Qe7 14. Rfd1 Rfd8
15. Nd5 Bxd5 16. cxd5 Nb8 17. f3 Nbd7 18. b4 Rdc8 19. Ne3 Nb6 20. b5 axb5 21.
Bxb5 Qd8 22. Rb1 Ra3 23. Rb2 g6 24. Rdb1 Qc7 25. Nf5 Rc3 26. Bf1 Qc5+ 27. Kh1
Na4 28. Rb5 Qa3 29. Rxb7 Nh5 30. Qh6 Re8 31. Ne7+ 1-0

[Event "M.Chigorin Memorial A"]
[Site "St. Petersburg RUS"]
[Date "2007.12.02"]
[Round "2.18"]
[White "Lovkov, Roman"]
[Black "Demianjuk, Alexander"]
[Result "0-1"]
[WhiteElo "2457"]
[BlackElo "2334"]
[PlyCount "54"]
[EventDate "2007.??.??"]

1. e4 c5 2. Nf3 d6 3. d4 cxd4 4. Nxd4 Nf6 5. Nc3 a6 6. Be3 e6 7. f3 b5 8. Qd2
Nbd7 9. g4 Nb6 10. O-O-O Bb7 11. g5 Nfd7 12. Qf2 Rc8 13. h4 Rxc3 14. bxc3 d5
15. Bd3 Na4 16. Bd2 Qc7 17. Nb3 Ne5 18. Kb1 Nc4 19. Bxc4 bxc4 20. exd5 Bxd5 21.
Qd4 Bd6 22. Be1 O-O 23. f4 Bf3 24. Rc1 Ba3 25. Rf1 Bg4 26. Rg1 Bf5 27. Rd1 Rb8
0-1

[Event "M.Chigorin Memorial A"]
[Site "St. Petersburg RUS"]
[Date "2007.12.02"]
[Round "2.19"]
[White "Shimanov, Aleksandr"]
[Black "Bodnaruk, Anastasia"]
[Result "1/2-1/2"]
[WhiteElo "2447"]
[BlackElo "2331"]
[PlyCount "108"]
[EventDate "2007.??.??"]

1. e4 c5 2. Nf3 Nc6 3. Nc3 e5 4. Bc4 Be7 5. d3 Nf6 6. Nd2 d6 7. Nf1 Bg4 8. f3
Be6 9. Ne3 O-O 10. O-O Rb8 11. a3 a6 12. Ncd5 b5 13. Ba2 Qd7 14. Bd2 Ne8 15. g3
Kh8 16. f4 exf4 17. Nxf4 Bxa2 18. Rxa2 Bf6 19. c3 g6 20. Ra1 Bg7 21. Rf2 Nc7
22. Qc2 Ne7 23. Qb3 f5 24. Ned5 Nexd5 25. exd5 Rfe8 26. Rff1 Qf7 27. Rae1 Be5
28. Bc1 h6 29. Ne6 c4 30. dxc4 Nxe6 31. dxe6 Qxe6 32. Bxh6 bxc4 33. Qc2 Qf6 34.
Bc1 d5 35. Kh1 Kg8 36. g4 f4 37. Qg2 Rbd8 38. Rd1 Qf7 39. g5 Rf8 40. Rf3 Qf5
41. Rdf1 Qe4 42. Bd2 Rb8 43. Re1 Qf5 44. Bc1 Bd6 45. Qe2 Rbe8 46. Qxe8 Rxe8 47.
Rxe8+ Kg7 48. Re1 Qxg5 49. Ref1 d4 50. Bxf4 Bxf4 51. Rxf4 Qd5+ 52. Kg1 Qg5+ 53.
Kh1 Qd5+ 54. Kg1 Qg5+ 1/2-1/2

[Event "M.Chigorin Memorial A"]
[Site "St. Petersburg RUS"]
[Date "2007.12.02"]
[Round "2.20"]
[White "Tarasova, Viktoriya"]
[Black "Alavkin, Arseny"]
[Result "1/2-1/2"]
[WhiteElo "2277"]
[BlackElo "2442"]
[PlyCount "41"]
[EventDate "2007.??.??"]

1. d4 Nf6 2. c4 e6 3. Nf3 d5 4. Nc3 c6 5. Bg5 Nbd7 6. e3 Qa5 7. Nd2 Bb4 8. Qc2
Ne4 9. Ndxe4 dxe4 10. Bf4 e5 11. dxe5 Nxe5 12. O-O-O Bxc3 13. Qxc3 Qxc3+ 14.
bxc3 f6 15. Be2 Ke7 16. Rd4 Bf5 17. Rhd1 Rhd8 18. Rxd8 Rxd8 19. Rxd8 Kxd8 20.
Bxe5 fxe5 21. c5 1/2-1/2

[Event "M.Chigorin Memorial A"]
[Site "St. Petersburg RUS"]
[Date "2007.12.02"]
[Round "2.21"]
[White "Matlakov, Maxim"]
[Black "Bratus, Pater P"]
[Result "1-0"]
[WhiteElo "2441"]
[BlackElo "2211"]
[PlyCount "77"]
[EventDate "2007.??.??"]

1. d4 Nf6 2. c4 e6 3. Nf3 b6 4. a3 Bb7 5. Nc3 Be7 6. d5 d6 7. e4 O-O 8. Be2 c5
9. O-O a6 10. Be3 e5 11. b4 Nbd7 12. Rb1 Qc7 13. Nd2 Ne8 14. Rb2 g6 15. Qb1 Rb8
16. a4 Ng7 17. Qc2 f5 18. f3 Rbe8 19. a5 cxb4 20. axb6 Nxb6 21. Rxb4 Nd7 22.
Rfb1 Rb8 23. Ba7 Nc5 24. Bxb8 Qxb8 25. Na4 Qc7 26. Kh1 Bc8 27. Rb6 Nxa4 28.
Qxa4 Qc5 29. Rc6 Qe3 30. Qd1 Nh5 31. c5 dxc5 32. d6 Bg5 33. Qb3+ Qxb3 34. Nxb3
fxe4 35. Nxc5 Nf6 36. Rb8 Bd7 37. Rxf8+ Kxf8 38. Nxd7+ Nxd7 39. fxe4 1-0

[Event "M.Chigorin Memorial A"]
[Site "St. Petersburg RUS"]
[Date "2007.12.03"]
[Round "3.2"]
[White "Zhigalko, Andrey"]
[Black "Popov, Valerij"]
[Result "1-0"]
[WhiteElo "2554"]
[BlackElo "2580"]
[PlyCount "51"]
[EventDate "2007.??.??"]

1. e4 c5 2. Nf3 d6 3. d4 cxd4 4. Nxd4 Nf6 5. Nc3 a6 6. Be3 Ng4 7. Bg5 h6 8. Bh4
g5 9. Bg3 Bg7 10. h3 Nf6 11. Bc4 O-O 12. h4 Qb6 13. hxg5 hxg5 14. Qd3 Qxb2 15.
Rb1 Qa3 16. Nd5 Qa5+ 17. Kf1 Nxd5 18. exd5 f5 19. Rh5 g4 20. Re1 Qc5 21. Rg5
Kh8 22. Rxe7 Bxd4 23. Rh5+ Kg8 24. Rg5+ Kh8 25. Bxd6 Qxd6 26. Qxd4+ 1-0

[Event "M.Chigorin Memorial A"]
[Site "St. Petersburg RUS"]
[Date "2007.12.03"]
[Round "3.3"]
[White "Movsesian, Sergei"]
[Black "Safarli, Eltaj"]
[Result "1/2-1/2"]
[WhiteElo "2670"]
[BlackElo "2487"]
[PlyCount "56"]
[EventDate "2007.??.??"]

1. e4 c5 2. Nc3 Nc6 3. Nf3 e6 4. d4 cxd4 5. Nxd4 Nf6 6. Nxc6 bxc6 7. e5 Nd5 8.
Ne4 Bb7 9. c4 Nb4 10. c5 Qb8 11. Bf4 Ba6 12. Bxa6 Nxa6 13. O-O Nb4 14. Qh5 Nd5
15. Bg3 Be7 16. b3 Qb4 17. Qf3 O-O 18. Rac1 Qa3 19. h4 a5 20. Rc2 a4 21. Rb1
Ra7 22. h5 h6 23. Bf4 Rb7 24. Bd2 axb3 25. axb3 Rfb8 26. Bc1 Qa5 27. Bd2 Qa3
28. Bc1 Qa5 1/2-1/2

[Event "M.Chigorin Memorial A"]
[Site "St. Petersburg RUS"]
[Date "2007.12.03"]
[Round "3.5"]
[White "Gorovykh, Eduard"]
[Black "Andreikin, Dmitry"]
[Result "0-1"]
[WhiteElo "2402"]
[BlackElo "2555"]
[PlyCount "210"]
[EventDate "2007.??.??"]

1. d4 Nf6 2. Bg5 Ne4 3. Bf4 c5 4. f3 Qa5+ 5. c3 Nf6 6. Nd2 cxd4 7. Nb3 Qf5 8.
Bxb8 Rxb8 9. Qxd4 d5 10. Qxa7 Qe5 11. Qd4 Qc7 12. e4 b5 13. e5 Nd7 14. f4 e6
15. Nf3 Nc5 16. Nxc5 Bxc5 17. Qd2 b4 18. Nd4 bxc3 19. bxc3 O-O 20. Bd3 f6 21.
O-O fxe5 22. fxe5 Rxf1+ 23. Rxf1 Qxe5 24. Qf2 Bd7 25. Qf7+ Kh8 26. Kh1 Rd8 27.
a4 g6 28. a5 Qg7 29. Qxg7+ Kxg7 30. Bb5 Bxd4 31. Bxd7 Bxc3 32. Bxe6 Bxa5 33.
Rd1 d4 34. Bc4 Kf6 35. Kg1 Rc8 36. Bd3 Rb8 37. Rf1+ Kg7 38. Rb1 Re8 39. Rd1 Re3
40. Bf1 Kf6 41. Rd3 Re1 42. Kf2 Ra1 43. Rb3 Bd2 44. Bd3 Rh1 45. Rb6+ Kg5 46.
Rb5+ Kf6 47. h3 Be3+ 48. Kf3 Rd1 49. Be2 Rd2 50. Rb3 Ke5 51. Rb5+ Kf6 52. Rb3
g5 53. g4 Ke5 54. Rb5+ Kd6 55. Rb7 Bg1 56. Rb3 Rc2 57. Rb6+ Kc7 58. Rb3 Kc6 59.
Bb5+ Kd6 60. Be2 Kc7 61. Ra3 Kd6 62. Rb3 Ra2 63. Rb6+ Kc7 64. Rb3 Kc6 65. Bb5+
Kd6 66. Be2 Kc7 67. Rd3 Ra8 68. Kg2 Be3 69. Rb3 Rf8 70. Bd3 Rf2+ 71. Kg3 h6 72.
h4 gxh4+ 73. Kxh4 Rf3 74. Kh5 Bg5 75. Bc2 Rf2 76. Bd3 Rd2 77. Kg6 Kd6 78. Kf5
Rf2+ 79. Kg6 Rf6+ 80. Kh5 Rf4 81. Rb6+ Kc7 82. Rb5 Rf3 83. Rb3 Re3 84. Kg6 Kd6
85. Kf5 Re5+ 86. Kg6 Re6+ 87. Kh5 Re3 88. Bc2 Ke5 89. Rb5+ Kf4 90. Rf5+ Kg3 91.
Rd5 Rc3 92. Be4 Rc4 93. Bd3 Ra4 94. Bc2 Ra2 95. Bf5 Be3 96. Kg6 Ra6+ 97. Kf7
Kf3 98. Rb5 Ra3 99. Rd5 Ke2 100. Ke6 d3 101. Ke5 Bg5 102. Rd4 Ra5+ 103. Ke6 d2
104. Bc2 Ra1 105. Re4+ Be3 0-1

[Event "M.Chigorin Memorial A"]
[Site "St. Petersburg RUS"]
[Date "2007.12.03"]
[Round "3.6"]
[White "Utegaliyev, Azamat"]
[Black "Kokarev, Dmitry"]
[Result "0-1"]
[WhiteElo "2200"]
[BlackElo "2550"]
[PlyCount "102"]
[EventDate "2007.??.??"]

1. e4 c5 2. Nf3 d6 3. d4 cxd4 4. Nxd4 Nf6 5. Nc3 a6 6. Bg5 e6 7. f4 h6 8. Bh4
Be7 9. Qd3 Qc7 10. O-O-O Nbd7 11. g4 g5 12. fxg5 Ne5 13. Qg3 Nfxg4 14. gxh6
Bxh4 15. Qxh4 Qe7 16. Qg3 Qf6 17. Kb1 Qf2 18. Rg1 Rxh6 19. h3 Qxg3 20. Rxg3 Nf6
21. Nf3 Ke7 22. Nxe5 dxe5 23. Na4 b5 24. Nc5 Rh4 25. Rc3 Rb8 26. Bg2 b4 27. Rc4
Nd5 28. Nd3 Ne3 29. Nxe5 Nxc4 30. Nc6+ Kf6 31. e5+ Nxe5 32. Nxb8 Ke7 33. Re1 f6
34. Bf1 a5 35. Rd1 Bb7 36. a4 bxa3 37. b3 Rh8 38. Na6 Bxa6 39. Bxa6 Rxh3 40.
Bb5 f5 41. Ka2 Rh2 42. Rc1 Nf3 43. Kxa3 Nd4 44. Bd3 Kd6 45. Ka4 Rd2 46. b4 axb4
47. Kxb4 Rf2 48. c4 Nc6+ 49. Kb3 Rf3 50. c5+ Kd5 51. Rc3 Kd4 0-1

[Event "M.Chigorin Memorial A"]
[Site "St. Petersburg RUS"]
[Date "2007.12.03"]
[Round "3.7"]
[White "Yevseev, Denis"]
[Black "Smirnov, Artem"]
[Result "1/2-1/2"]
[WhiteElo "2499"]
[BlackElo "2419"]
[PlyCount "59"]
[EventDate "2007.??.??"]

1. Nf3 Nf6 2. c4 e6 3. g3 a6 4. Bg2 b5 5. b3 c5 6. Nc3 Qb6 7. e4 Bb7 8. e5 Ne4
9. O-O Nxc3 10. dxc3 Nc6 11. Re1 Be7 12. Bg5 Rd8 13. cxb5 axb5 14. a4 O-O 15.
Bxe7 Nxe7 16. Qd6 Qxd6 17. exd6 Nf5 18. axb5 Nxd6 19. c4 Nf5 20. Ra7 Bxf3 21.
Bxf3 Nd4 22. Re3 d5 23. Kg2 g6 24. cxd5 exd5 25. b6 Nxf3 26. Kxf3 d4 27. Rd3
Rb8 28. Rc7 Rxb6 29. Rxc5 Rfb8 30. Rxd4 1/2-1/2

[Event "M.Chigorin Memorial A"]
[Site "St. Petersburg RUS"]
[Date "2007.12.03"]
[Round "3.8"]
[White "Konovalov, Nikolay"]
[Black "Yemelin, Vasily"]
[Result "1/2-1/2"]
[WhiteElo "2453"]
[BlackElo "2564"]
[PlyCount "30"]
[EventDate "2007.??.??"]

1. d4 Nf6 2. c4 e6 3. Nc3 Bb4 4. f3 c5 5. d5 Nh5 6. Nh3 d6 7. g4 Nf6 8. Nf2 O-O
9. e4 b5 10. dxe6 fxe6 11. e5 dxe5 12. Qxd8 Rxd8 13. g5 Nh5 14. cxb5 a6 15.
Nfe4 Nf4 1/2-1/2

[Event "M.Chigorin Memorial A"]
[Site "St. Petersburg RUS"]
[Date "2007.12.03"]
[Round "3.9"]
[White "Evdokimov, Alexander A"]
[Black "Matlakov, Maxim"]
[Result "1/2-1/2"]
[WhiteElo "2562"]
[BlackElo "2441"]
[PlyCount "56"]
[EventDate "2007.??.??"]

1. d4 d5 2. c4 c6 3. Nf3 Nf6 4. Nc3 a6 5. e3 b5 6. c5 Nbd7 7. Bd3 e5 8. Bc2 e4
9. Nd2 g6 10. O-O Bg7 11. f3 exf3 12. Qxf3 O-O 13. Kh1 a5 14. a3 Bb7 15. e4 b4
16. Ne2 Ba6 17. Rf2 Qe7 18. e5 Ne8 19. Nf4 Nc7 20. Qh3 Nxe5 21. Qe3 Ng4 22.
Qxe7 Nxf2+ 23. Kg1 Rae8 24. Qxc7 Bxd4 25. Nf3 Nh3+ 26. Kh1 Nf2+ 27. Kg1 Nh3+
28. Kh1 Nf2+ 1/2-1/2

[Event "M.Chigorin Memorial A"]
[Site "St. Petersburg RUS"]
[Date "2007.12.03"]
[Round "3.10"]
[White "Slugin, Sergey"]
[Black "Kharlov, Andrei"]
[Result "1-0"]
[WhiteElo "2403"]
[BlackElo "2549"]
[PlyCount "51"]
[EventDate "2007.??.??"]

1. d4 Nf6 2. c4 e6 3. Nf3 d5 4. g3 c6 5. Bg2 dxc4 6. Ne5 b5 7. Nxc6 Qb6 8. Na5
Nd5 9. Bd2 Nd7 10. Nc3 N7f6 11. a4 b4 12. Nxc4 bxc3 13. Nxb6 cxd2+ 14. Qxd2
axb6 15. O-O Ba6 16. Rfc1 Rd8 17. e4 Nb4 18. a5 b5 19. Rc7 Bd6 20. Ra7 Nd7 21.
Rc1 e5 22. Bh3 f6 23. Rxd7 Rxd7 24. Bxd7+ Kxd7 25. dxe5 fxe5 26. Rd1 1-0

[Event "M.Chigorin Memorial A"]
[Site "St. Petersburg RUS"]
[Date "2007.12.03"]
[Round "3.11"]
[White "Tihonov, Jurij"]
[Black "Ovod, Evgenija"]
[Result "1-0"]
[WhiteElo "2522"]
[BlackElo "2386"]
[PlyCount "139"]
[EventDate "2007.??.??"]

1. Nf3 d5 2. c4 e6 3. d4 c6 4. e3 Nf6 5. Nc3 Nbd7 6. Qc2 Bd6 7. b3 O-O 8. Bb2
Qe7 9. Be2 dxc4 10. bxc4 e5 11. O-O Re8 12. Rfe1 e4 13. Nd2 Nf8 14. f4 Bd7 15.
Bf1 Rac8 16. a4 Bb4 17. a5 b5 18. axb6 axb6 19. Na2 Ba5 20. Bc3 Ra8 21. Nb3
Bxc3 22. Nxc3 Rxa1 23. Rxa1 Ng4 24. Qd2 g5 25. h3 Nh6 26. Ne2 Ng6 27. Ra7 gxf4
28. exf4 e3 29. Qc1 Qd6 30. g3 c5 31. Bg2 cxd4 32. Nbxd4 Nf5 33. Qc3 Nxd4 34.
Qxd4 Qxd4 35. Nxd4 Bxh3 36. Bxh3 e2 37. Nxe2 Rxe2 38. Bg2 Ne7 39. Bf3 Re6 40.
Kf2 Kg7 41. Rd7 h6 42. g4 Ng8 43. f5 Re7 44. Rd6 Rc7 45. Be2 Rb7 46. Ke3 Nf6
47. Kd4 Ne8 48. Rc6 Rd7+ 49. Kc3 Re7 50. Bd1 Re1 51. Kd2 Re4 52. Be2 Rd4+ 53.
Kc3 Rd6 54. Rxd6 Nxd6 55. Kd4 Nb7 56. Kd5 Na5 57. Ke5 Nc6+ 58. Kd6 Nd4 59. Bd1
b5 60. Kd5 Nxf5 61. gxf5 bxc4 62. Ke5 c3 63. Bc2 f6+ 64. Kd4 h5 65. Kxc3 h4 66.
Kd4 h3 67. Kd5 Kh6 68. Ke6 h2 69. Be4 Kg5 70. Ba8 1-0

[Event "M.Chigorin Memorial A"]
[Site "St. Petersburg RUS"]
[Date "2007.12.03"]
[Round "3.12"]
[White "Demianjuk, Alexander"]
[Black "Romanov, Evgeny"]
[Result "0-1"]
[WhiteElo "2334"]
[BlackElo "2515"]
[PlyCount "144"]
[EventDate "2007.??.??"]

1. e4 e5 2. Nf3 Nc6 3. Bb5 a6 4. Ba4 Nf6 5. O-O Be7 6. Re1 b5 7. Bb3 d6 8. c3
O-O 9. h3 Na5 10. Bc2 c5 11. d4 Qc7 12. Nbd2 cxd4 13. cxd4 Nc6 14. Nb3 a5 15.
Be3 a4 16. Nbd2 Bd7 17. Rc1 Qb7 18. Nf1 Rfe8 19. Ng3 Bd8 20. Bd3 h6 21. d5 Nb4
22. Bb1 Nh7 23. Nh2 Bg5 24. Ng4 Rac8 25. Qd2 Na6 26. Rxc8 Rxc8 27. f4 exf4 28.
Bxf4 Bxg4 29. hxg4 g6 30. e5 dxe5 31. Rxe5 Qb6+ 32. Kh2 Qf6 33. Re4 Nc5 34. Rd4
Rd8 35. Bxg5 Nxg5 36. Qc3 Nd7 37. Ne4 Nxe4 38. Rxe4 Qd6+ 39. Qg3 Qxd5 40. Qf4
Nc5 41. Re5 Qd6 42. Re8+ Kg7 43. Qxd6 Rxd6 44. Re5 Rc6 45. a3 Kf6 46. Rd5 Ke7
47. g5 hxg5 48. Rxg5 Kd7 49. Rd5+ Kc7 50. Ba2 f6 51. Bb1 g5 52. Kg3 Kb6 53. Kg4
Re6 54. Kf3 Kc6 55. Ba2 Re1 56. Rd8 Nd7 57. Kf2 Ra1 58. Be6 Ne5 59. Rf8 Nd3+
60. Ke3 Nxb2 61. Rxf6 Rxa3+ 62. Ke4 Rg3 63. Bf7+ Kc5 64. Rf5+ Kb4 65. Be8 Nc4
66. Rxb5+ Kc3 67. Kd5 a3 68. Rc5 Rd3+ 69. Kc6 a2 70. Rxc4+ Kxc4 71. Bf7+ Kd4
72. Bxa2 Ke3 0-1

[Event "M.Chigorin Memorial A"]
[Site "St. Petersburg RUS"]
[Date "2007.12.03"]
[Round "3.13"]
[White "Maslak, Konstantin"]
[Black "Kuderinov, Kirill"]
[Result "1-0"]
[WhiteElo "2510"]
[BlackElo "2416"]
[PlyCount "109"]
[EventDate "2007.??.??"]

1. e4 c5 2. Nf3 d6 3. d4 cxd4 4. Nxd4 a6 5. c4 Nf6 6. Nc3 e5 7. Nc2 Be7 8. Ne3
O-O 9. Bd3 Nc6 10. O-O Be6 11. b3 Rc8 12. Bb2 Nd7 13. Qd2 Nc5 14. Rad1 Bg5 15.
Bb1 Qa5 16. f3 b5 17. cxb5 axb5 18. Qf2 Nb7 19. g3 Ne7 20. Ncd5 Nxd5 21. Nxd5
Bd8 22. b4 Qa4 23. a3 Rc6 24. Kh1 Re8 25. Qe2 Rc8 26. Bd3 Bd7 27. Rc1 Rb8 28.
Kg2 Rf8 29. Rc3 Qa7 30. Bc1 Bb6 31. Bxb5 Bxb5 32. Qxb5 Nd8 33. Nxb6 Rxb6 34.
Qd3 Qd7 35. Rd1 Ne6 36. Be3 Rbb8 37. Qxd6 Qb5 38. Qd3 Qa4 39. Qc2 Qa6 40. Rd5
h5 41. Rxe5 h4 42. Ra5 h3+ 43. Kf2 Qb7 44. Ra7 Qb5 45. Qd3 Qe5 46. f4 Qh5 47.
Ra5 Qg4 48. Rd5 Rfe8 49. b5 Nf8 50. b6 Ng6 51. Rg5 Qe6 52. Qd5 Rxb6 53. Qxe6
Rb2+ 54. Kf3 Rxe6 55. Rc8+ 1-0